[Event "Eurasian Blitz Chess Cup"]
[Site "Almaty KAZ"]
[Date "2016.06.19"]
[Round "19.19"]
[White "Kazhgaleyev, Murtas"]
[Black "Ghaem Maghami, Ehsan"]
[Result "1-0"]
[WhiteTitle "GM"]
[BlackTitle "GM"]
[WhiteElo "2582"]
[BlackElo "2551"]
[WhiteFideId "13700316"]
[BlackFideId "12500739"]
[EventDate "2016.06.18"]

1. d4 Nf6 2. Nf3 e6 3. e3 d5 4. c4 Be7 5. Bd3 O-O 6. b3 c5 7. O-O cxd4 8. exd4
b6 9. Bb2 Ba6 10. Nbd2 Nc6 11. Rc1 Rc8 12. Qe2 Re8 13. Rfe1 Bb4 14. h3 h6 15.
Qe3 Qd7 16. a3 Bxd2 17. Nxd2 Rcd8 18. c5 Bxd3 19. Qxd3 bxc5 20. dxc5 e5 21. b4
e4 22. Qg3 d4 23. Nc4 Qd5 24. Nd6 Re6 25. Rcd1 a6 26. Rd2 Rd7 27. Red1 d3 28.
Qe3 Ne5 29. Bxe5 Rxe5 30. f3 exf3 31. Qxd3 Qxd3 32. Rxd3 fxg2 33. a4 a5 34. c6
Rde7 35. b5 Nh5 36. Kxg2 Nf4+ 37. Kf3 Nxd3 38. Rxd3 Rc5 39. Ne4 Rf5+ 40. Kg4 Rf1
41. Nc3 Rg1+ 42. Kf3 Rg6 43. Nd5 Re8 44. c7 1-0

[Event "Eurasian Blitz Chess Cup"]
[Site "Almaty KAZ"]
[Date "2016.06.19"]
[Round "19.21"]
[White "Sanikidze, Tornike"]
[Black "Khusnutdinov, Rustam"]
[Result "1-0"]
[WhiteTitle "GM"]
[BlackTitle "GM"]
[WhiteElo "2548"]
[BlackElo "2476"]
[WhiteFideId "13602608"]
[BlackFideId "13701703"]
[EventDate "2016.06.18"]

1. d4 Nf6 2. c4 b6 3. Nc3 Bb7 4. Nf3 e6 5. a3 g6 6. Qc2 Bxf3 7. gxf3 Bg7 8. Bg5
Nc6 9. O-O-O Ne7 10. e4 d6 11. Be3 O-O 12. Rg1 Qe8 13. f4 1-0

[Event "Eurasian Blitz Chess Cup"]
[Site "Almaty KAZ"]
[Date "2016.06.19"]
[Round "19.22"]
[White "Pak, Yevgeniy"]
[Black "Bologan, Viktor"]
[Result "0-1"]
[WhiteTitle "IM"]
[BlackTitle "GM"]
[WhiteElo "2401"]
[BlackElo "2654"]
[WhiteFideId "14201712"]
[BlackFideId "13900048"]
[EventDate "2016.06.18"]

1. d4 Nf6 2. c4 e6 3. g3 c5 4. Nf3 cxd4 5. Nxd4 a6 6. Bg2 Qc7 7. Nc3 Qxc4 8. O-O
Nc6 9. Nb3 d5 10. Bf4 Qb4 11. Re1 Be7 12. Bc7 Bd8 13. Bxd8 Nxd8 14. e4 dxe4 15.
Nxe4 Nxe4 16. Rxe4 Qe7 17. Rc1 Nc6 18. Rg4 O-O 19. Bxc6 bxc6 20. Rd4 e5 21. Rd6
Bg4 22. Qd2 Bf3 23. Rc3 Rad8 24. Rdd3 e4 25. Rd4 Qf6 26. h3 Rxd4 27. Qxd4 Rd8 0-1

[Event "Eurasian Blitz Chess Cup"]
[Site "Almaty KAZ"]
[Date "2016.06.19"]
[Round "19.23"]
[White "Utegaliyev, Azamat"]
[Black "Arutinian, David"]
[Result "0-1"]
[BlackTitle "GM"]
[WhiteElo "2494"]
[BlackElo "2527"]
[WhiteFideId "13702467"]
[BlackFideId "13601741"]
[EventDate "2016.06.18"]

1. e4 c6 2. d4 d5 3. Nc3 dxe4 4. Nxe4 Bf5 5. Ng3 Bg6 6. Nh3 Nf6 7. Nf4 e5 8.
dxe5 Qa5+ 9. Bd2 Qxe5+ 10. Be2 Nbd7 11. O-O Bc5 12. Bd3 O-O-O 13. Bxg6 hxg6 14.
Nd3 Qc7 15. Nxc5 Nxc5 16. Qe2 Nce4 17. Be3 Rh4 18. Qf3 Nd5 19. Rad1 Re8 20. Bc1
f5 21. h3 Ndf6 22. Rfe1 Rhh8 23. Bf4 Qa5 24. Nxe4 Nxe4 25. Qb3 Rhf8 26. Re3 Qb6
27. Qc4 g5 28. Bh2 Nxf2 29. Rxe8+ Rxe8 30. Rd4 Ne4 31. c3 f4 32. Qf7 Nf6 33.
Qxg7 c5 34. Rd1 Qe6 35. Qg6 Qe3+ 36. Kh1 Qe5 37. Qf7 Ne4 38. Qd7+ Kb8 39. Bg1
Ng3+ 40. Kh2 f3 41. Rd5 f2 42. Rxe5 f1=N# 0-1

[Event "Eurasian Blitz Chess Cup"]
[Site "Almaty KAZ"]
[Date "2016.06.19"]
[Round "19.24"]
[White "Askarov, Bakhtiyar"]
[Black "Potkin, Vladimir"]
[Result "0-1"]
[BlackTitle "GM"]
[WhiteElo "2409"]
[BlackElo "2597"]
[WhiteFideId "13701100"]
[BlackFideId "4131061"]
[EventDate "2016.06.18"]

1. d4 d5 2. Bf4 Nf6 3. e3 c5 4. c3 Nc6 5. Nd2 Bf5 6. Qb3 Qc8 7. h3 e6 8. Ngf3
Be7 9. Be2 h6 10. O-O c4 11. Qd1 O-O 12. b3 b5 13. a4 a6 14. b4 Qb7 15. a5 Nxb4
16. cxb4 Bxb4 17. Ne5 Rac8 18. Qc1 c3 19. Nb3 Ne4 20. Nd3 Qe7 21. Qc2 Nd2 22.
Rfd1 Rc4 23. f3 Rfc8 24. e4 dxe4 25. Nxb4 exf3 26. Bd3 Nxb3 27. Qxb3 Rxb4 28.
Qc2 Rb2 29. Bxf5 Rxc2 30. Bxc2 fxg2 31. Rd3 b4 32. Rg3 Kf8 33. Re1 Qb7 34. Bb3
c2 35. Rxg2 Qf3 36. Bc1 Qxb3 0-1

[Event "Eurasian Blitz Chess Cup"]
[Site "Almaty KAZ"]
[Date "2016.06.19"]
[Round "20.6"]
[White "Megaranto, Susanto"]
[Black "Amonatov, Farrukh"]
[Result "0-1"]
[WhiteTitle "GM"]
[BlackTitle "GM"]
[WhiteElo "2535"]
[BlackElo "2614"]
[WhiteFideId "7101384"]
[BlackFideId "14700077"]
[EventDate "2016.06.18"]

1. d4 Nf6 2. Nf3 g6 3. Bg5 Bg7 4. e3 O-O 5. Be2 c5 6. c3 Qb6 7. Qb3 d6 8. Nbd2
Be6 9. Qxb6 axb6 10. a3 Nc6 11. O-O h6 12. Bxf6 Bxf6 13. Bc4 Bd7 14. Rfe1 Bg7
15. h3 Rfc8 16. Rad1 Kf8 17. Bd5 e6 18. Bxc6 Rxc6 19. Ne4 Ke7 20. Rd2 d5 21. Ng3
Rc7 22. e4 dxe4 23. Nxe4 Bc6 24. dxc5 bxc5 25. Nh2 b6 26. Nf1 Rd7 27. Rxd7+ Kxd7
28. Rd1+ Kc7 29. Neg3 Rd8 30. Rxd8 Kxd8 31. Ne3 Kc7 32. Kf1 b5 33. Ke2 f5 34.
Ngf1 f4 35. Nc2 Bxg2 36. Ne1 Bxh3 37. Nd3 f3+ 38. Ke1 c4 39. Nf4 Bf5 40. Nd2 Be5 0-1

[Event "Eurasian Blitz Chess Cup"]
[Site "Almaty KAZ"]
[Date "2016.06.19"]
[Round "20.7"]
[White "Mamedov, Rauf"]
[Black "Saric, Ivan"]
[Result "1-0"]
[WhiteTitle "GM"]
[BlackTitle "GM"]
[WhiteElo "2655"]
[BlackElo "2660"]
[WhiteFideId "13401653"]
[BlackFideId "14508150"]
[EventDate "2016.06.18"]

1. e4 g6 2. d4 Bg7 3. Nc3 d6 4. Be3 a6 5. f3 b5 6. h4 h5 7. Qd2 Nd7 8. Nh3 Nb6
9. Ng5 f6 10. Nh3 e5 11. dxe5 dxe5 12. Qxd8+ Kxd8 13. O-O-O+ Ke8 14. Bxb6 cxb6
15. Nd5 Rb8 16. c4 bxc4 17. Nc7+ Ke7 18. Nd5+ Ke8 19. Nc7+ Ke7 20. Nd5+ Ke8 21.
Nb4 Ne7 22. Rd6 a5 23. Nc2 b5 24. a4 Bd7 25. axb5 Bxb5 26. Na3 Nc8 27. Rd5 Bh6+
28. Kb1 Bc6 29. Rc5 Bd7 30. Bxc4 Be3 31. Rxa5 Bd4 32. Nb5 Ke7 33. Nxd4 exd4 34.
Nf4 Rh6 35. Nd5+ Kd8 36. Nxf6 Nb6 37. Bb3 Ke7 38. Ng8+ Rxg8 39. Bxg8 Rh8 40. Bb3
Rb8 41. Rd1 Nc8 42. Bc2 Rb4 43. Rd5 1-0

[Event "Eurasian Blitz Chess Cup"]
[Site "Almaty KAZ"]
[Date "2016.06.19"]
[Round "20.11"]
[White "Vallejo Pons, Francisco"]
[Black "Sjugirov, Sanan"]
[Result "1-0"]
[WhiteTitle "GM"]
[BlackTitle "GM"]
[WhiteElo "2711"]
[BlackElo "2665"]
[WhiteFideId "2205530"]
[BlackFideId "4189302"]
[EventDate "2016.06.18"]

1. e4 e5 2. Nf3 Nc6 3. Bb5 a6 4. Ba4 Nf6 5. d3 Bc5 6. c3 d6 7. O-O Ba7 8. h3 O-O
9. Nbd2 Ne7 10. Re1 Ng6 11. Nf1 b5 12. Bc2 Re8 13. Ng3 Bb7 14. Nh2 d5 15. Qf3
dxe4 16. dxe4 Nh4 17. Qe2 h6 18. Ng4 Nxg4 19. hxg4 Qf6 20. Nf5 Nxf5 21. gxf5
Red8 22. a4 Bc6 23. axb5 axb5 24. Be3 Bxe3 25. Qxe3 Qe7 26. Bb3 Kf8 27. f3 Kg8
28. Red1 b4 29. Rxa8 Rxa8 30. cxb4 Qxb4 31. Qc3 Qb6+ 32. Kh2 Be8 33. Bd5 Rb8 34.
Qxe5 Qxb2 35. Qxc7 Qb4 36. Qg3 Qb6 37. Rc1 Rd8 38. Qc7 Qf6 39. Kg1 Qd4+ 40. Kh1
Qf6 41. Qc5 Qh4+ 42. Kg1 Qg5 43. Re1 Qd2 44. Qe3 Qb4 45. Rc1 Qe7 46. Qf4 Qf6 47.
Rc7 Qa1+ 48. Kh2 Qf6 49. Kg3 Kf8 50. Kh3 Kg8 51. Kh2 Kf8 52. Kg3 Kg8 53. Kh3 Kf8
54. Kh2 Kg8 55. Qg3 Kf8 56. Ra7 Kg8 57. Ra2 Kf8 58. Kh3 Kg8 59. Qh4 Qd6 60. Ra6
Qc7 61. Qg3 Qc1 62. Kh2 Rc8 63. Rg6 Qa1 64. f6 Kh8 65. Rxh6+ 1-0

[Event "Eurasian Blitz Chess Cup"]
[Site "Almaty KAZ"]
[Date "2016.06.19"]
[Round "20.12"]
[White "Dzhumagaliev, Yan"]
[Black "Jones, Gawain C B"]
[Result "0-1"]
[WhiteTitle "FM"]
[BlackTitle "GM"]
[WhiteElo "2400"]
[BlackElo "2650"]
[WhiteFideId "24100110"]
[BlackFideId "409561"]
[EventDate "2016.06.18"]

1. d4 Nf6 2. c4 g6 3. Nc3 Bg7 4. e4 d6 5. Nf3 O-O 6. Be2 Nbd7 7. O-O e5 8. Re1
c6 9. Bg5 h6 10. Bh4 Qe7 11. Bf1 Re8 12. d5 c5 13. a3 Qf8 14. b4 b6 15. Nb5 Rd8
16. Nc7 Rb8 17. Qa4 g5 18. Bg3 Nh5 19. Nb5 f5 20. exf5 Nxg3 21. hxg3 e4 22. Nd2
Bxa1 23. Rxa1 e3 24. fxe3 Qxf5 25. Re1 Qe5 26. g4 Nf6 27. Qxa7 Rb7 28. Qa8 Nxg4
29. Nf3 Qg3 30. Nc3 Re7 31. e4 Rf8 32. Re2 Rxf3 33. Qxc8+ Rf8 0-1

[Event "Eurasian Blitz Chess Cup"]
[Site "Almaty KAZ"]
[Date "2016.06.19"]
[Round "20.13"]
[White "Dreev, Aleksey"]
[Black "Shoker, Samy"]
[Result "1/2-1/2"]
[WhiteTitle "GM"]
[BlackTitle "GM"]
[WhiteElo "2664"]
[BlackElo "2489"]
[WhiteFideId "4100107"]
[BlackFideId "627143"]
[EventDate "2016.06.18"]

1. d4 g6 2. Nf3 Bg7 3. g3 d6 4. Bg2 Nf6 5. O-O O-O 6. b3 c6 7. Bb2 Qa5 8. c4 Qh5
9. Nbd2 Bg4 10. Re1 Nbd7 11. Nf1 Bh3 12. Ne3 Ng4 13. Nxg4 Bxg4 14. Qd2 a5 15. d5
Bxb2 16. Qxb2 cxd5 17. cxd5 Nf6 18. Nd4 a4 19. bxa4 Rxa4 20. e3 Bh3 21. Qxb7
Bxg2 22. Kxg2 Qxd5+ 23. Qxd5 Nxd5 24. Nc6 e6 25. Red1 Rfa8 26. Rd2 Kg7 27. h4 h5
28. Kf3 Rc4 29. Nd4 Nf6 30. Rb2 Ra7 31. Nb5 Ra6 32. a4 d5 33. a5 Ne4 34. Nd4 Rc5
35. Rb5 Rc7 36. Rb6 Rxb6 37. axb6 Rb7 38. Ra6 Nd2+ 39. Ke2 Nc4 40. e4 dxe4 41.
Ra4 Nxb6 42. Rb4 Rb8 43. Nc6 Rb7 44. Nd4 Rd7 45. Nxe6+ fxe6 46. Rxb6 Kf6 47. Ke3
Rd1 48. Kxe4 Re1+ 49. Kf4 Re2 50. Kf3 Ra2 51. Rb3 Rc2 52. Ra3 Rb2 53. Ke3 Rb5
54. Ra8 Re5+ 55. Kf3 Rf5+ 56. Ke4 Re5+ 57. Kf3 Rf5+ 58. Kg2 Rd5 59. Rf8+ Kg7 60.
Rf4 Rd3 61. Rf3 Rd4 62. Ra3 Kf6 63. Kf3 Rc4 64. Re3 Rb4 65. Re4 Rb3+ 66. Kg2 Rb2
67. Rf4+ Kg7 68. Rf3 Rb4 69. Rd3 Kf6 70. Kf3 Rb2 71. Ke3 Ra2 72. Rb3 Rc2 73. Rb4
Rc3+ 74. Ke4 Rc2 75. Kf3 Rc3+ 76. Kg2 Rc2 77. Rf4+ Kg7 78. Rf3 Rb2 79. Re3 Kf6
80. Kf3 Ra2 81. Rb3 Rc2 82. Ke3 Ra2 83. Rb4 Rc2 84. Rf4+ Kg7 85. Kd4 Re2 86. Rf3
Re1 87. Kc5 Rd1 88. Kc4 Rd2 89. Kc3 Rd5 90. Rf4 Rd1 91. Rd4 Rf1 92. Rd2 Re1 93.
Kd3 Kf6 94. Re2 Rd1+ 95. Ke4 Ra1 96. Rd2 Ra4+ 97. Ke3 Ra3+ 98. Ke4 Ra4+ 1/2-1/2

[Event "Eurasian Blitz Chess Cup"]
[Site "Almaty KAZ"]
[Date "2016.06.19"]
[Round "20.14"]
[White "Yilmaz, Mustafa"]
[Black "Volokitin, Andrei"]
[Result "1/2-1/2"]
[WhiteTitle "GM"]
[BlackTitle "GM"]
[WhiteElo "2613"]
[BlackElo "2624"]
[WhiteFideId "6302718"]
[BlackFideId "14107090"]
[EventDate "2016.06.18"]

1. Nf3 c5 2. c4 Nf6 3. Nc3 d5 4. cxd5 Nxd5 5. e3 e6 6. d4 cxd4 7. exd4 Nxc3 8.
bxc3 Qc7 9. Bd3 Qxc3+ 10. Qd2 Bb4 11. Rb1 Nc6 12. Bb5 Bd7 13. Bxc6 Qxd2+ 14.
Nxd2 Bxd2+ 15. Kxd2 Bxc6 16. f3 O-O-O 17. Ke3 Rd5 18. Bb2 Rhd8 19. Rhc1 Ra5 20.
a3 Rdd5 21. Rc4 Rdb5 22. Rb4 Rh5 23. h3 Rhg5 24. g4 Rgd5 25. Rc1 Kd7 26. Rc5
Rdxc5 27. dxc5 f6 28. Rc4 Bd5 29. Rc3 Kc6 30. f4 Rxc5 31. Rxc5+ Kxc5 32. Bd4+
Kc4 33. Bxa7 g5 34. fxg5 fxg5 35. Kf2 e5 36. Bb8 e4 37. Ke3 Bf7 38. Bd6 Kd5 39.
Be7 1/2-1/2

[Event "Eurasian Blitz Chess Cup"]
[Site "Almaty KAZ"]
[Date "2016.06.19"]
[Round "20.15"]
[White "Savchenko, Boris"]
[Black "Harika, Dronavalli"]
[Result "0-1"]
[WhiteTitle "GM"]
[BlackTitle "GM"]
[WhiteElo "2633"]
[BlackElo "2514"]
[WhiteFideId "4147332"]
[BlackFideId "5015197"]
[EventDate "2016.06.18"]

1. e4 e6 2. d4 d5 3. Nc3 Bb4 4. e5 c5 5. a3 Bxc3+ 6. bxc3 Ne7 7. Qg4 Qc7 8. Qxg7
Rg8 9. Qxh7 cxd4 10. Ne2 Nbc6 11. f4 dxc3 12. h4 Bd7 13. Rb1 d4 14. h5 O-O-O 15.
Qe4 Nf5 16. Rh3 Kb8 17. Rd3 Bc8 18. g3 b6 19. Qh1 Ba6 20. Rf3 d3 21. cxd3 Ncd4
22. Nxd4 Nxd4 23. Re3 Nc2+ 24. Kf2 Nxe3 25. Bxe3 Bxd3 26. Rc1 Bxf1 27. Qxf1 Qc6
28. Qe2 Qe4 29. Rxc3 Qh1 30. Qf3 Qh2+ 31. Qg2 Qxh5 32. Rc1 Rc8 33. Rc6 Rxc6 34.
Qxc6 Qh2+ 35. Kf1 Qh3+ 36. Ke2 Qh2+ 37. Kf1 Rd8 38. Qf3 Qh3+ 39. Ke2 Qf5 40. Qc6
Qd3+ 41. Kf2 Rc8 42. Qa4 Rc2+ 43. Kf3 Qd1+ 0-1

[Event "Eurasian Blitz Chess Cup"]
[Site "Almaty KAZ"]
[Date "2016.06.19"]
[Round "20.16"]
[White "Anton Guijarro, David"]
[Black "Hou, Yifan"]
[Result "0-1"]
[WhiteTitle "GM"]
[BlackTitle "GM"]
[WhiteElo "2627"]
[BlackElo "2663"]
[WhiteFideId "2285525"]
[BlackFideId "8602980"]
[EventDate "2016.06.18"]

1. e4 c5 2. Nf3 a6 3. c3 e6 4. d4 d5 5. e5 Bd7 6. Be3 Qb6 7. Nbd2 cxd4 8. Bxd4
Qc7 9. Bd3 Bb5 10. Bxb5+ axb5 11. Qe2 Qd7 12. O-O Nh6 13. Nb3 Nf5 14. g4 Ne7 15.
Bc5 h5 16. g5 Na6 17. Nfd4 Ng6 18. Bxf8 Kxf8 19. f4 Nc7 20. f5 exf5 21. Rxf5 Re8
22. Raf1 Kg8 23. Rxf7 Qxf7 24. Rxf7 Kxf7 25. e6+ Nxe6 26. Qxb5 Ngf4 27. Nxe6
Rxe6 28. Qxb7+ Kg6 29. Nd4 Re4 30. Qc6+ Kxg5 31. a4 Rh6 32. Qd7 Rg6 33. Nf3+
Kh6+ 34. Kf1 Rf6 35. Qd8 Ng6 36. Kf2 Nh4 37. Qxd5 Rxf3+ 0-1

[Event "Eurasian Blitz Chess Cup"]
[Site "Almaty KAZ"]
[Date "2016.06.19"]
[Round "20.17"]
[White "Fressinet, Laurent"]
[Black "Kovalenko, Igor"]
[Result "0-1"]
[WhiteTitle "GM"]
[BlackTitle "GM"]
[WhiteElo "2687"]
[BlackElo "2668"]
[WhiteFideId "608742"]
[BlackFideId "14117908"]
[EventDate "2016.06.18"]

1. Nf3 d5 2. g3 c6 3. Bg2 Bg4 4. h3 Bxf3 5. Bxf3 e6 6. d4 Bd6 7. c4 Nd7 8. O-O
f5 9. Qb3 Rb8 10. cxd5 exd5 11. Qc2 Ne7 12. Nc3 O-O 13. e3 Nf6 14. Bg2 Ne4 15.
Rb1 a5 16. a3 Qd7 17. b4 axb4 18. axb4 b5 19. Ne2 Ra8 20. Nf4 Bxf4 21. exf4 Nd6
22. Re1 Nc4 23. Qe2 Nc8 24. Qe6+ Qxe6 25. Rxe6 N8d6 26. Bf1 Kf7 27. Re2 Ra4 28.
f3 Rfa8 29. Rc2 Ra2 30. Bd3 Rxc2 31. Bxc2 Ra2 32. Bb3 Re2 33. Kf1 Rh2 34. Kg1
Rxh3 35. Kg2 Rh6 36. Ra1 Re6 37. Kf2 Re7 38. Ra6 Rc7 39. Bc2 g6 40. g4 Ke6 41.
g5 Kd7 42. Ra8 Nc8 43. Ke2 Ra7 44. Rxa7+ Nxa7 45. Kd3 Nc8 46. Kc3 N8b6 47. Kb3
Na8 48. Kc3 Nc7 49. Kb3 Ne6 50. Kc3 Ke7 51. Bd3 Kf7 52. Bf1 Kg7 53. Bh3 h6 54.
Kd3 Nd6 55. Kc3 Nf7 56. gxh6+ Kxh6 57. Be3 Kh5 58. Bf2 Nxf4 59. Bf1 Nd8 60. Bg3
Nde6 61. Kd2 g5 62. Ke3 Kg6 63. Bh2 Kf6 64. Bg3 Kg6 65. Bh2 Kh5 66. Bg3 Kh6 67.
Bh2 Kg6 68. Bg3 Kf6 69. Bh2 Ng6 70. Bd6 Nh4 71. Be5+ Kf7 72. Bh3 f4+ 73. Ke2 Ng6
74. Bd6 Nxd4+ 75. Kf2 Ne6 76. Bb8 Kf6 77. Bd6 Ne7 78. Bb8 Nf5 0-1

[Event "Eurasian Blitz Chess Cup"]
[Site "Almaty KAZ"]
[Date "2016.06.19"]
[Round "20.18"]
[White "Jumabayev, Rinat"]
[Black "Marin, Mihail"]
[Result "1-0"]
[WhiteTitle "GM"]
[BlackTitle "GM"]
[WhiteElo "2613"]
[BlackElo "2576"]
[WhiteFideId "13702661"]
[BlackFideId "1200020"]
[EventDate "2016.06.18"]

1. Nf3 Nf6 2. c4 c5 3. g3 b6 4. Bg2 Bb7 5. O-O e6 6. Nc3 a6 7. Re1 Be7 8. e4 d6
9. d4 cxd4 10. Nxd4 Qc7 11. Be3 O-O 12. Rc1 Nbd7 13. f4 Rac8 14. g4 Nc5 15. Bf2
g6 16. b4 Ncd7 17. f5 gxf5 18. gxf5 e5 19. Nde2 Kh8 20. Nd5 Nxd5 21. exd5 Rg8
22. Ng3 Bg5 23. Rc3 Nf6 24. c5 bxc5 25. bxc5 dxc5 26. d6 Qa5 27. Bxb7 Qxc3 28.
Bxc8 Rxc8 29. Qb3 Qxb3 30. axb3 Bf4 31. Ne2 Bg5 32. Ng3 Bf4 33. Ne2 Bg5 34. Ng3
Bf4 35. Ne2 Bg5 36. Ng3 Bf4 37. Rd1 Bxg3 38. Bxg3 Nd7 39. Rd5 f6 40. Kf2 Kg7 41.
Ke3 Rb8 42. Rd3 Rb4 43. Rc3 Kh6 44. h4 Kh5 45. Kf3 Rd4 46. Bf2 Rxd6 47. Be3 Rd1
48. Rc2 Rf1+ 49. Ke4 Re1 50. Rd2 Nb6 1-0

[Event "Eurasian Blitz Chess Cup"]
[Site "Almaty KAZ"]
[Date "2016.06.19"]
[Round "20.19"]
[White "Ghaem Maghami, Ehsan"]
[Black "Kazhgaleyev, Murtas"]
[Result "0-1"]
[WhiteTitle "GM"]
[BlackTitle "GM"]
[WhiteElo "2551"]
[BlackElo "2582"]
[WhiteFideId "12500739"]
[BlackFideId "13700316"]
[EventDate "2016.06.18"]

1. d4 d6 2. Nf3 Nf6 3. c4 g6 4. Nc3 Bf5 5. g3 Bg7 6. Bg2 O-O 7. Qb3 Bc8 8. O-O
Nc6 9. Rd1 Bd7 10. Qc2 Qc8 11. b3 Bf5 12. e4 Bg4 13. Be3 Nd7 14. Ne2 e5 15. d5
Ne7 16. Rac1 b6 17. h3 Bxf3 18. Bxf3 f5 19. Bg2 a5 20. Qd2 Nc5 21. Nc3 Qd7 22.
h4 f4 23. gxf4 Qg4 24. Ne2 Qxh4 25. fxe5 Bxe5 26. f4 Bg7 27. Rf1 Rae8 28. Bd4 g5
29. f5 Bxd4+ 30. Nxd4 Nxe4 31. Qe3 Ng3 32. f6 Qxd4 33. Qxd4 Ne2+ 34. Kh2 Nxd4
35. fxe7 Rxf1 36. Rxf1 Rxe7 37. Rd1 Nf5 38. Rf1 Nh4 39. Bh3 Kg7 40. Be6 h6 41.
Kg3 Ng6 42. Kg4 Ne5+ 43. Kg3 Re8 44. Rc1 Rf8 45. Rc3 h5 46. a3 Rf4 0-1

[Event "Eurasian Blitz Chess Cup"]
[Site "Almaty KAZ"]
[Date "2016.06.19"]
[Round "20.21"]
[White "Khusnutdinov, Rustam"]
[Black "Sanikidze, Tornike"]
[Result "1/2-1/2"]
[WhiteTitle "GM"]
[BlackTitle "GM"]
[WhiteElo "2476"]
[BlackElo "2548"]
[WhiteFideId "13701703"]
[BlackFideId "13602608"]
[EventDate "2016.06.18"]

1. e4 e5 2. Nf3 Nc6 3. Bb5 a6 4. Ba4 Nf6 5. O-O Be7 6. d3 d6 7. c3 O-O 8. Nbd2
b5 9. Bc2 Re8 10. Re1 Bf8 11. Nf1 Nb8 12. h3 c5 13. Ng3 Nc6 14. Bg5 h6 15. Be3
d5 16. a4 b4 17. exd5 Nxd5 18. Bd2 Rb8 19. Bb3 Be6 20. Bc4 Nc7 21. Nxe5 Nxe5 22.
Rxe5 Bd6 23. Re1 Bxg3 24. fxg3 Bxc4 25. Rxe8+ Qxe8 26. dxc4 Rd8 27. Qe1 Qd7 28.
Bf4 Ne6 29. cxb4 Nd4 30. Qf2 cxb4 31. Re1 Qxa4 32. Bc7 Rd7 33. Re8+ Kh7 34. Be5
Qc6 35. Bxd4 Rxd4 36. Qxf7 Rd6 37. Qf5+ Rg6 38. Re4 a5 39. Rg4 a4 40. h4 Qf6 41.
Qe4 Qe6 42. Qxe6 Rxe6 43. c5 a3 44. bxa3 bxa3 45. Ra4 Rc6 46. Ra5 a2 47. Rxa2
Rxc5 48. g4 Rc4 1/2-1/2

[Event "Eurasian Blitz Chess Cup"]
[Site "Almaty KAZ"]
[Date "2016.06.19"]
[Round "20.22"]
[White "Bologan, Viktor"]
[Black "Pak, Yevgeniy"]
[Result "0-1"]
[WhiteTitle "GM"]
[BlackTitle "IM"]
[WhiteElo "2654"]
[BlackElo "2401"]
[WhiteFideId "13900048"]
[BlackFideId "14201712"]
[EventDate "2016.06.18"]

1. e4 c5 2. Nf3 d6 3. d4 cxd4 4. Nxd4 Nf6 5. Nc3 Nc6 6. Bg5 e6 7. Qd2 a6 8.
O-O-O Bd7 9. f3 Rc8 10. Kb1 b5 11. Nxc6 Bxc6 12. Ne2 Be7 13. Nd4 Bb7 14. h4 h5
15. Bd3 Qc7 16. c3 d5 17. e5 Ng8 18. f4 g6 19. Nxe6 fxe6 20. Bxg6+ Kd8 21. f5
Bxg5 22. Qxg5+ Ne7 23. Bf7 Qxe5 24. Bxe6 Rc4 25. Rhe1 Re4 26. Rxe4 Qxe4+ 27. Ka1
Qe5 28. a3 Rf8 29. Qxh5 Nxf5 30. Bxd5 Bxd5 31. Qf3 Kc7 32. Rxd5 Qe1+ 33. Rd1 Qe5
34. Rf1 Rf7 35. Qa8 Qc5 36. Rd1 Nd6 37. Qxa6 Rd7 38. h5 Qxh5 39. Qa7+ Kc6 40.
Qa8+ Kc7 41. Rd5 Qh1+ 42. Ka2 Qg1 43. Qa5+ Kc6 44. Qa8+ Kc7 45. Rd4 Qf1 46. a4
Qf7+ 47. Kb1 Qf5+ 0-1

[Event "Eurasian Blitz Chess Cup"]
[Site "Almaty KAZ"]
[Date "2016.06.19"]
[Round "20.23"]
[White "Arutinian, David"]
[Black "Utegaliyev, Azamat"]
[Result "1/2-1/2"]
[WhiteTitle "GM"]
[WhiteElo "2527"]
[BlackElo "2494"]
[WhiteFideId "13601741"]
[BlackFideId "13702467"]
[EventDate "2016.06.18"]

1. Nf3 Nf6 2. c4 g6 3. Nc3 Bg7 4. e4 d6 5. d4 O-O 6. Be2 Bg4 7. Be3 Bxf3 8. Bxf3
Nc6 9. d5 Ne5 10. Be2 c6 11. O-O a6 12. Rc1 Ned7 13. b3 Qc7 14. Qd2 Rfe8 15. f3
Rad8 16. Rfd1 Rc8 17. Kh1 Rcd8 18. Bf1 Rc8 19. b4 cxd5 20. cxd5 Qb8 21. a4 h5
22. a5 h4 23. h3 Nh5 24. Ne2 Rxc1 25. Rxc1 Rc8 26. Bf2 Bf6 27. Kg1 Rc7 28. Rxc7
Qxc7 29. Qc1 Qxc1 30. Nxc1 Ng3 31. Bc4 Bc3 32. Nd3 g5 33. Be3 f6 34. Kf2 Kf8 35.
Bc1 Ke8 36. Bb2 Bxb2 37. Nxb2 Kd8 38. Nd3 Kc7 39. Ke3 Ne5 40. Nb2 Nh5 41. Bf1
Nf4 42. Na4 Nd7 43. Nc3 b6 44. Kf2 bxa5 45. bxa5 Nc5 46. Na2 Nb3 47. Nb4 Nxa5
48. Nxa6+ Kd8 49. Bb5 Nb3 50. Nb4 Nc5 51. Nc6+ Ke8 52. Nd4+ Kf7 53. Nf5 Nb3 54.
Bf1 Nc5 55. Ke3 Nd7 56. Kf2 Ne5 57. Ke3 Nh5 58. Kf2 Ng6 59. Bb5 Ne5 60. Nh6+ Kf8
61. Nf5 Ng7 62. Nd4 Kf7 63. Be2 Ng6 64. Bd1 Nf4 65. Ba4 Kf8 66. Bd7 Kf7 67. Bg4
Nd3+ 68. Kg1 Ne5 69. Bf5 Nh5 70. Be6+ Kf8 71. Bc8 Ke8 72. Ba6 Ng3 73. Kf2 Nh5
74. Ne6 Kf7 75. Bb5 Ng7 76. Nd4 Kf8 77. Be2 Ke8 78. Ke3 Ng6 79. Bd1 Kd7 80. Ba4+
Kc7 81. Kf2 Kb6 82. Bd7 Kc5 83. Nc6 Ne5 84. Nxe5 fxe5 85. Bg4 Kd4 86. Ke2 Ne8
87. Bd7 Nc7 88. Kd2 Na6 89. Ke2 Nc5 90. Bb5 Kc3 91. Ke3 Nb3 92. Kf2 Nd4 93. Ba6
Kd2 94. Bc4 Nc2 95. g3 Ne3 96. Ba6 Nd1+ 97. Kg2 Ke1 98. f4 exf4 99. gxf4 gxf4
100. Kf3 Nf2 101. Bc8 Nd3 102. Ba6 Kd2 103. Bxd3 Kxd3 104. Kxf4 Kd4 105. Kf3 Ke5
106. Ke3 e6 107. dxe6 Kxe6 108. Kd4 Ke7 109. Kd5 Kd7 110. e5 dxe5 111. Kxe5 Ke7
112. Ke4 1/2-1/2

[Event "Eurasian Blitz Chess Cup"]
[Site "Almaty KAZ"]
[Date "2016.06.19"]
[Round "20.24"]
[White "Potkin, Vladimir"]
[Black "Askarov, Bakhtiyar"]
[Result "1-0"]
[WhiteTitle "GM"]
[WhiteElo "2597"]
[BlackElo "2409"]
[WhiteFideId "4131061"]
[BlackFideId "13701100"]
[EventDate "2016.06.18"]

1. e4 c5 2. Nf3 e6 3. d4 cxd4 4. Nxd4 a6 5. c4 Nf6 6. Nc3 Qc7 7. Be2 Be7 8. O-O
O-O 9. Be3 d6 10. Rc1 b6 11. f3 Bb7 12. Qd2 Nbd7 13. Rfd1 Rac8 14. Bf1 Qb8 15.
Kh1 Bd8 16. Bg1 Bc7 17. Rc2 Rfd8 18. Qe1 Ne5 19. b4 Nc6 20. a3 Nd7 21. Nb3 Nce5
22. Na4 Ba8 23. Rb1 Nf6 24. Rcc1 b5 25. cxb5 axb5 26. Nc3 d5 27. exd5 Nxd5 28.
Nxb5 Bb6 29. Bxb6 Nxb6 30. Rxc8 Rxc8 31. Rc1 Rd8 32. Qg3 Nbd7 33. a4 Bd5 34.
N3d4 Nb6 35. a5 Nc8 36. a6 f6 37. Rc7 1-0

[Event "Eurasian Blitz Chess Cup"]
[Site "Almaty KAZ"]
[Date "2016.06.19"]
[Round "21.1"]
[White "Jobava, Baadur"]
[Black "Nepomniachtchi, Ian"]
[Result "0-1"]
[WhiteTitle "GM"]
[BlackTitle "GM"]
[WhiteElo "2669"]
[BlackElo "2719"]
[WhiteFideId "13601520"]
[BlackFideId "4168119"]
[EventDate "2016.06.18"]

1. d4 Nf6 2. Nc3 d5 3. Bf4 c5 4. e3 cxd4 5. exd4 a6 6. Bd3 Nc6 7. Nge2 Bg4 8. f3
Bh5 9. g4 Bg6 10. h4 e6 11. h5 Bxd3 12. Qxd3 Bd6 13. O-O-O Qc7 14. Qe3 h6 15.
Kb1 O-O-O 16. Bxd6 Qxd6 17. Nc1 Kb8 18. Nd3 Nd7 19. Ne2 Ka8 20. f4 f6 21. g5 Nb6
22. b3 Nd7 23. gxf6 Nxf6 24. Ne5 Rc8 25. Nf7 Qa3 26. Nxh8 Nb4 27. Nc3 Ne4 0-1